Paul Anthony Samuelson prvý americký nositeľ Nobelovej ceny za ekonómiu

P.A. Samuelson - osobnosť ekonomickej vedy v druhej polovici 20. storočia, prvý americký nositeľ Nobelovej ceny za ekonómiu. Oblasti pôsobenia: ekonomická analýza, teória spotreby, ekonómia blahobytu, teória kapitálu, medzinárodný obchod a financie, makroekonómia, peniaze, menová politika. Najvýznam...

Descrizione completa

Salvato in:
Dettagli Bibliografici
Autore principale: Iša, Ján
Natura: Capitolo di libro
Lingua:slovacco
Soggetti:
Tags: Aggiungi Tag
Nessun Tag, puoi essere il primo ad aggiungerne!!

MARC

LEADER 00000naa a2200000 4500
001 r048121
005 20220729103911.8
041 0 |a slo 
044 |a SK 
245 1 0 |a Paul Anthony Samuelson  |b prvý americký nositeľ Nobelovej ceny za ekonómiu  |c Ján Iša 
520 |a P.A. Samuelson - osobnosť ekonomickej vedy v druhej polovici 20. storočia, prvý americký nositeľ Nobelovej ceny za ekonómiu. Oblasti pôsobenia: ekonomická analýza, teória spotreby, ekonómia blahobytu, teória kapitálu, medzinárodný obchod a financie, makroekonómia, peniaze, menová politika. Najvýznamnejšie diela P.A. Samuelsona. 
610 2 0 |a ekonómovia 
610 2 0 |a Samuelson, P.A. 
610 2 0 |a životopisy 
610 2 0 |a teórie ekonomické 
610 2 0 |a veda ekonomická 
610 2 0 |a Nobelova cena 
610 2 0 |a analýza ekonomická 
610 2 0 |a teória spotreby 
610 2 0 |a ekonómia blahobytu 
610 2 0 |a kapitál 
610 2 0 |a obchod medzinárodný 
610 2 0 |a financie 
610 2 0 |a makroekonomika 
610 2 0 |a peniaze 
100 1 |a Iša, Ján